Horses in Movies Quiz Stats

 Plays Quiz Updated May 30, 2018

Score 0/22 Timer 07:00
3 Plays Today
% Correct
Beauty and the Beast
81.6%
The Lone Ranger
80.5%
Frozen
78.6%
War Horse
75.4%
Django Unchained
72.9%
The Lord of the Rings: The Two Towers
71.5%
Alice Through the Looking Glass
69.1%
The Last Samurai
59.9%
No Country for Old Men
58.9%
The Horse Whisperer
56.8%
Australia
55.8%
% Correct
A Knight's Tale
43.9%
The NeverEnding Story
42.7%
National Velvet
38.8%
Spirit: Stallion of the Cimarron
35%
Winter’s Bone
32.8%
Hidalgo
29.5%
Secretariat
19.2%
True Grit (2010)
16.6%
The Cell
13.9%
The Magnificent Seven (2016)
9.9%
Flicka
3.4%

You're not logged in!

Compare scores with friends on all Sporcle quizzes.
OR
Log In

Sporcle TV

Today on Sporcle TV


Watch our educational content, quiz creation guides, and fun videos on Sporcle TV.

Show Comments

Extras

Top Quizzes Today


Score Distribution

Your Account Isn't Verified!

In order to create a playlist on Sporcle, you need to verify the email address you used during registration. Go to your Sporcle Settings to finish the process.

Report this User

Report this user for behavior that violates our Community Guidelines.

Details: